រំខានមែន ! / (Record no. 8082)

MARC details
000 -LEADER
fixed length control field 01676nam a22002897a 4500
001 - CONTROL NUMBER
control field 8082
003 - CONTROL NUMBER IDENTIFIER
control field FISKH
005 - DATE AND TIME OF LATEST TRANSACTION
control field 20250821162238.0
008 - FIXED-LENGTH DATA ELEMENTS--GENERAL INFORMATION
fixed length control field 250821b cb ||||| |||| 00| 0 eng d
020 ## - INTERNATIONAL STANDARD BOOK NUMBER
International Standard Book Number 9789995054793
040 ## - CATALOGING SOURCE
Original cataloging agency FISKH
Language of cataloging khr
Transcribing agency FISKH
Modifying agency FISKH
050 ## - LIBRARY OF CONGRESS CALL NUMBER
Classification number PZ7
100 ## - MAIN ENTRY--PERSONAL NAME
Personal name Somanea, Meng
245 ## - TITLE STATEMENT
Title រំខានមែន ! /
Statement of responsibility, etc. និពន្ធដោយ ម៉េង សុមនា , ទ្រី សម្ផស្ស និង ជ្រីម ហុកស្រុិន
260 ## - PUBLICATION, DISTRIBUTION, ETC.
Place of publication, distribution, etc. Phnom Penh :
Name of publisher, distributor, etc. គ្រឺះស្ថានបោះពុម្ពផ្សាយSipar ,
Date of publication, distribution, etc. 2011.
300 ## - PHYSICAL DESCRIPTION
Extent 20 pages :
Other physical details color illustrations ;
Dimensions 24 cm .
505 ## - FORMATTED CONTENTS NOTE
Formatted contents note J <br/>
520 ## - SUMMARY, ETC.
Summary, etc. វីវីចូលចិត្តឆ្ងល់ និងចង់ដឹងគ្រប់រឿង។ ថ្ងៃមួយ វីវីសួរបងស្រីពេលគាត់គូររូប។ បងស្រីវីវីថា៖ «រំខានណាស់!»<br/><br/>«រំខាន? រំខានហ្នឹងស្អីគេទៅ?» វីវីសួរគេសួរឯង និងរំខានគេគ្រប់គ្នា។
520 ## - SUMMARY, ETC.
Summary, etc. Vivi is always curious about everything. One day, she asks her sister while she is drawing. Her sister said "What a disturbance!" "Disturbance! What does it mean?" Vivi asks everybody and disturbs them<br/>
521 8# - TARGET AUDIENCE NOTE
Target audience note 500 <br/>
Source Lexile estimate <br/>
521 8# - TARGET AUDIENCE NOTE
Target audience note J <br/>
Source Raz-Plus <br/>
650 ## - SUBJECT ADDED ENTRY--TOPICAL TERM
Topical term or geographic name entry element រំខាន
Form subdivision រឿងនិទានកុមារ
650 ## - SUBJECT ADDED ENTRY--TOPICAL TERM
Topical term or geographic name entry element Disturb
Form subdivision Children's tale
700 ## - ADDED ENTRY--PERSONAL NAME
Personal name Somphors, Try
Relator term Illustrator
942 ## - ADDED ENTRY ELEMENTS (KOHA)
Source of classification or shelving scheme Dewey Decimal Classification
Koha item type Khmer Books
Suppress in OPAC No
Holdings
Withdrawn status Lost status Source of classification or shelving scheme Damaged status Not for loan Collection Home library Current library Shelving location Date acquired Total Checkouts Full call number Barcode Date last seen Copy number Price effective from Koha item type Date last checked out
    Dewey Decimal Classification     Khmer Language Books / សៀវភៅភាសាខ្មែរ Footprints International School Library Network Toul Kork Campus Footprints International School Library Network Toul Kork Campus TK Old Khmer Books (Rear Hallway Shelf 3) 08/26/2025 1 SOM 813 PZ7 FISTK03647 01/20/2026 2 08/21/2025 Khmer Books 01/13/2026
    Dewey Decimal Classification     Khmer Language Books / សៀវភៅភាសាខ្មែរ Footprints International School Library Network Toul Kork Campus Footprints International School Library Network Toul Kork Campus TK Old Khmer Books (Rear Hallway Shelf 3) 08/26/2025   SOM 813 PZ7 FISTK03648 08/26/2025 3 08/21/2025 Khmer Books  
    Dewey Decimal Classification     Khmer Language Books / សៀវភៅភាសាខ្មែរ Footprints International School Library Network Toul Tom Poung Campus Footprints International School Library Network Toul Tom Poung Campus TTP Primary Khmer Bookshelves 08/21/2025   SOM PZ7 2025-4197 08/21/2025 1 08/21/2025 Khmer Books  
    Dewey Decimal Classification     Khmer Language Books / សៀវភៅភាសាខ្មែរ Footprints International School Library Network Toul Tom Poung Campus Footprints International School Library Network Toul Tom Poung Campus TTP Primary Khmer Bookshelves 10/24/2025   SOM PZ7 FISBK03690 10/24/2025 4 10/24/2025 Khmer Books  
    Dewey Decimal Classification     Khmer Language Books / សៀវភៅភាសាខ្មែរ Footprints International School Library Network Toul Tom Poung Campus Footprints International School Library Network Toul Tom Poung Campus TTP Primary Khmer Bookshelves 11/21/2025   SOM PZ7 2025-4887 11/21/2025 5 11/21/2025 Khmer Books